| 000 | 00943cam a2200229 i 4500 | ||
|---|---|---|---|
| 003 | SA-RiAUC | ||
| 005 | 20240928133907.0 | ||
| 008 | 240927s1982 ||| g 000r0 ara c | ||
| 040 |
_aSA-RiAUC _bara _cSA-RiAUC _erda |
||
| 082 | 0 | 4 | _a410.6 |
| 090 |
_a410.6 _bج ا م |
||
| 110 | 2 |
_aجامعة أم القرى. _bكلية اللغة العربية. _eمؤلف. |
|
| 245 | 1 | 0 | _aمحاضرات الموسم الثقافي لكلية اللغة العربية 1402-1403 هـ. |
| 264 | 1 |
_a[مكان النشر غير محدد] : _bجامعة أم القرى، كلية اللغة العربية، _c[1982] |
|
| 300 |
_a[متعدد الترقيم] ؛ _c24 سم |
||
| 336 |
_aنص _btxt _2rdacontent _3كتاب |
||
| 337 |
_aبدون وسيط _bn _2rdamedia |
||
| 338 |
_aمجلد _bnc _2rdacarrier |
||
| 650 | 7 |
_aاللغة العربية _vمقالات ومحاضرات _2aucsh |
|
| 942 |
_2ddc _cBOOK _n0 |
||
| 949 |
_aSA-JeALM _d240927 _umohamedma123 _n1 |
||
| 999 |
_c641 _d641 |
||